| 000 | 00972cam a22003017a 4500 | ||
|---|---|---|---|
| 003 | CHAP | ||
| 005 | 20220329133034.0 | ||
| 008 | 971013s1971 r 00010 d | ||
| 010 | _a1504 | ||
| 011 | _a2476 | ||
| 035 | _a1670 | ||
| 040 | _cCHAP | ||
| 090 | _aFolleto 12563 | ||
| 100 | 0 | 0 |
_aCanizales D., Juan Antonio. _918366 |
| 245 | 0 | _aInsemine artificialmente sus vacas con sementales de registro | |
| 260 |
_aToluca, Méx. : _bDirección de Agricultura y Ganadería, _c1971 |
||
| 300 | _a10 p. ilus | ||
| 590 |
_aBATCH-UPD _b10 _c20130110 _lUCH01 _h1704 |
||
| 590 |
_aBATCH-UPD _b10 _c20130410 _lUCH01 _h1051 |
||
| 590 |
_aBATCH-UPD _b10 _c20130914 _lUCH01 _h0855 |
||
| 590 |
_aCONVERSION _b10 _c20130109 _lUCH01 _h1302 |
||
| 650 | 1 | 4 |
_aGanado lechero _xMejoramiento. _945274 |
| 650 | 1 | 4 |
_aGanado lechero _xReproducción. _945294 |
| 650 | 1 | 4 |
_aInseminación artificial. _958964 |
| 901 | _aBK | ||
| 942 | _cFOLL | ||
| 949 |
_aFolleto 12563 _bBC _cFOLL _d-11160 _eTS1 _i1670 _si |
||
| 999 |
_c1504 _d1504 |
||